US State Capitals Closest to...#2 - Anchorage - Statistics

General Stats
  • This quiz has been taken 138 times
  • The average score is 8 of 10
Answer Stats
US State Capital % Correct
1,452 mi Olympia 2,337 km
98%
1,982 mi Sacramento 3,189 km
95%
1,837 mi Boise 2,957 km
91%
1,565 mi Salem 2,519 km
91%
1,809 mi Helena 2,912 km
90%
1,992 mi Carson City 3,206 km
79%
2,128 mi Salt Lake City 3,424 km
75%
575 mi Juneau 926 km
72%
2,304 mi Pierre 3,708 km
72%
2,167 mi Bismarck 3,487 km
63%
No matching quizzes found
Score Distribution
Percent of People with Each Score
Percentile by Number Answered
Your Score History
You have not taken this quiz